000 00628nam a2200181Ia 4500
008 151202s9999||||xx |||||||||||||| ||und||
082 _bPNVM-33321
100 _aभावे पु.भा.
245 _aप्रथम पुरूषी एक वचनी.
260 _b"मनमोहिनी प्रकाशन,पुणे."
260 _c1980
300 _a253
600 _aभावे पु.भा.
630 _aप्रथम पुरूषी एक वचनी.
700 _aभावे पु.भा.
730 _aप्रथम पुरूषी एक वचनी.
942 _cBOOK
999 _c1299282
_d1299279